000 00601nam a2200205Ia 4500
003 OSt
005 20230503133916.0
008 210423s2004 xx 000 0 und d
040 _cAL
041 _aeng
082 _a574.19245 LESA
100 _aLESK (Arthur M).
_997014
245 _aIntroduction to protein science: architecture function and genomics.
260 _aOxford
_bOxford University Press
_c2004
300 _axvi,310
365 _b545
_cINR
650 _aBiochemistry
_997015
906 _aarchitecture ; function ; genomics. ; Introduction ; protein ; science:
942 _2ddc
_cBK
999 _c163101
_d163101